[Event "Limburg op g/60"]
[Site "Limburg"]
[Date "2006.01.24"]
[Round "2"]
[White "Jacobs, Roger"]
[Black "Gesquiere, Jef"]
[Result "1-0"]
[WhiteElo "1584"]
[BlackElo "1812"]
[PlyCount "175"]
[EventDate "2006.01.11"]
[EventType "swiss"]
[EventRounds "7"]
[EventCountry "BEL"]
[SourceTitle "EXT 2008"]
[Source "ChessBase"]
[SourceDate "2007.11.25"]
[SourceVersion "1"]
[SourceVersionDate "2007.11.25"]
[SourceQuality "1"]

1. e4 c6 2. d4 d5 3. Nc3 dxe4 4. Nxe4 Bf5 5. Ng3 Bg6 6. Nf3 e6 7. Bf4 Bd6 8. Ne5 Qc7 9. Bd3 Bxd3 10. Qxd3 Nf6 11. Ne4 Nxe4 12. Qxe4 0-0 13. Qe3 Nd7 14. 0-0-0 Nf6 15. Qd3 Nh5 16. Bg3 Nxg3 17. hxg3 g6 18. Qe3 Bxe5 19. dxe5 f6 20. Rd6 Qe7 21. Rhd1 Rad8 22. exf6 Qxf6 23. Qd3 Rxd6 24. Qxd6 Kg7 25. f4 Rf7 26. Re1 Re7 27. g4 h6 28. g3 a6 29. Re4 Kf7 30. g5 Qg7 31. b3 Qa1+ 32. Kd2 Qh1 33. Qe5 Qg2+ 34. Kc1 hxg5 35. g4 Qh1+ 36. Kb2 Kg8 37. fxg5 Qh8 38. Qf6 Qxf6+ 39. gxf6 Re8 40. g5 Kf7 41. Re5 Rd8 42. c4 Rd2+ 43. Ka3 Rf2 44. Re1 Rf5 45. Rg1 e5 46. Kb4 e4 47. Kc3 c5 48. Rg3 Re5 49. Kd2 b5 50. Ke3 bxc4 51. bxc4 Re6 52. Kf4 Rd6 53. Re3 Rd2 54. a3 Rf2+ 55. Kxe4 Rc2 56. Kd5 Rf2 57. Kd6 Rf4 58. Re7+ Kf8 59. Re5 Rxc4 60. Rxc5 Rd4+ 61. Ke6 Re4+ 62. Re5 Ra4 63. Rd5 Re4+ 64. Kd6 Ra4 65. Ke6 Re4+ 66. Kd7 Ra4 67. Rd3 Rg4 68. Rd6 Ra4 69. Rd5 Rxa3 70. Kc6 a5 71. Kb5 a4 72. Kb4 Ra1 73. Rd8+ Kf7 74. Rd7+ Ke6 75. Re7+ Kd6 76. Rg7 Rg1 77. Rxg6 Rg4+ 78. Ka3 Ke6 79. Rg7 Rf4 80. Re7+ Kf5 81. Rg7 Ke6 82. Ra7 Rg4 83. f7 Rf4 84. g6 Rf1 85. Ra8 Ra1+ 86. Kb2 Rf1 87. Re8+ Kd7 88. f8Q 1-0

[Event "Limburg op g/60"]
[Site "Limburg"]
[Date "2006.01.11"]
[Round "1"]
[White "Gesquiere, Jef"]
[Black "Poels, Georges"]
[Result "1/2-1/2"]
[WhiteElo "1812"]
[BlackElo "1607"]
[PlyCount "106"]
[EventDate "2006.01.11"]
[EventType "swiss"]
[EventRounds "7"]
[EventCountry "BEL"]
[SourceTitle "EXT 2008"]
[Source "ChessBase"]
[SourceDate "2007.11.25"]
[SourceVersion "1"]
[SourceVersionDate "2007.11.25"]
[SourceQuality "1"]

1. c4 Nf6 2. Nc3 e6 3. d4 d6 4. Nf3 Nbd7 5. e4 c5 6. e5 cxd4 7. Qxd4 dxe5 8. Nxe5 Nxe5 9. Qxe5 Bd6 10. Qd4 0-0 11. Bg5 Be7 12. Rd1 Qxd4 13. Rxd4 Rd8 14. Rxd8+ Bxd8 15. Be2 h6 16. Bd2 Bb6 17. Bf3 e5 18. 0-0 Bd4 19. b4 Rb8 20. Nb5 a6 21. Nxd4 exd4 22. Bf4 Ra8 23. Rd1 Bg4 24. Bxg4 Nxg4 25. h3 Nf6 26. Rxd4 Re8 27. Be3 Re4 28. Kf1 Rxd4 29. Bxd4 Ne4 30. Ke2 Kf8 31. a4 f6 32. b5 axb5 33. axb5 Ng5 34. Kd3 Ne6 35. Be3 Ke7 36. c5 Kd7 37. g3 Nc7 38. Kc4 f5 39. g4 Ke6 40. gxf5+ Kxf5 41. Bd4 g6 42. c6 bxc6 43. bxc6 Ke6 44. Bb6 Nd5 45. Bd8 Kd6 46. c7 Nxc7 47. Bxc7+ Kxc7 48. Kd5 Kd7 49. Ke5 Ke7 50. h4 h5 51. Kf4 Ke6 52. Kg5 Kf7 53. Kf4 Ke6 1/2-1/2